[Event "Antioquia op"]
[Site "Antioquia"]
[Date "2020.03.05"]
[Round "4"]
[White "Vanegas, Mateo de Jesus"]
[Black "Bossa Osorio, Eduardo"]
[Result "1-0"]
[WhiteElo "1396"]
[BlackElo "1146"]
[PlyCount "125"]
[EventDate "2020.03.03"]
[EventType "swiss"]
[EventRounds "9"]
[EventCountry "COL"]
[SourceTitle "CBM 195 Extra"]
[Source "ChessBase"]
[SourceDate "2020.05.31"]
[SourceVersion "1"]
[SourceVersionDate "2020.05.31"]
[SourceQuality "1"]

1. e4 e5 2. Nf3 Nc6 3. d4 exd4 4. Bc4 Nf6 5. e5 d5 6. Bb5 Bd7 7. Nxd4 Ne4 8. Bxc6 bxc6 9. 0-0 Bc5 10. Be3 Bb6 11. Nd2 Nxd2 12. Qxd2 c5 13. Nb3 d4 14. Bg5 Qc8 15. c3 dxc3 16. Qxc3 Bc6 17. e6 0-0 18. e7 Re8 19. Rfe1 Qg4 20. Qg3 Qxg3 21. hxg3 f6 22. Bd2 Kf7 23. Rac1 Rxe7 24. Rxe7+ Kxe7 25. Nxc5 Rd8 26. Bb4 Kf7 27. Na6 Bd5 28. b3 c6 29. Nc5 Re8 30. Kf1 Kg6 31. Nd3 Be4 32. Nf4+ Kf7 33. f3 Bd5 34. Nxd5 cxd5 35. Bd2 g5 36. Rc6 Re6 37. Rc8 Re8 38. Rxe8 Kxe8 39. g4 Kd7 40. Ke2 Ke6 41. Kd3 h6 42. Bc3 f5 43. Bg7 fxg4 44. fxg4 Kf7 45. Bd4 Ke6 46. Bxb6 axb6 47. Kd4 Kd6 48. a4 Kc6 49. b4 Kd6 50. a5 bxa5 51. bxa5 Kc6 52. a6 Kb6 53. Kxd5 Kxa6 54. Ke6 Kb7 55. Kf6 Kc7 56. Kg6 Kd7 57. Kxh6 Ke8 58. Kxg5 Kf7 59. Kh6 Kg8 60. Kg6 Kh8 61. Kf7 Kh7 62. g5 Kh8 63. g3 1-0

[Event "Bogota AlphaZero op"]
[Site "Bogota"]
[Date "2018.08.18"]
[Round "3"]
[White "Vanegas, Mateo de Jesus"]
[Black "Aldana, Omar"]
[Result "1-0"]
[WhiteElo "1454"]
[BlackElo "1802"]
[PlyCount "151"]
[EventDate "2018.08.17"]
[EventType "swiss"]
[EventRounds "7"]
[EventCountry "COL"]
[SourceTitle "CBM 186 Extra"]
[Source "ChessBase"]
[SourceDate "2018.08.24"]
[SourceVersion "1"]
[SourceVersionDate "2018.08.24"]
[SourceQuality "1"]

1. e4 c5 2. Nf3 Nc6 3. d4 cxd4 4. Nxd4 e6 5. Nc3 Bc5 6. Be3 Qb6 7. Na4 Qa5+ 8. c3 Bxd4 9. Bxd4 Nxd4 10. Qxd4 Nf6 11. Be2 0-0 12. 0-0 e5 13. Qc4 a6 14. Nc5 d6 15. Nb3 Qb6 16. Rad1 Be6 17. Qd3 Rfd8 18. Qc2 Rac8 19. Bd3 Nh5 20. Rd2 Nf4 21. Rfd1 Bg4 22. Re1 g6 23. Kh1 f5 24. f3 Nxd3 25. Qxd3 Bh5 26. exf5 gxf5 27. Qxf5 Bf7 28. Qg5+ Bg6 29. Qf6 Qc7 30. Red1 Qc4 31. Rxd6 Re8 32. Rd7 Bf7 33. Qg5+ Kf8 34. Qd2 b5 35. Qd3 Qxd3 36. R7xd3 e4 37. fxe4 Rxe4 38. Kg1 Rce8 39. Rd8 Re1+ 40. Rxe1 Rxd8 41. Kf2 Bc4 42. Re3 Kg7 43. Re7+ Kg6 44. Ra7 Rd6 45. Re7 h5 46. Re3 h4 47. Re5 Rf6+ 48. Ke3 Rf1 49. Re4 Kg5 50. Nd2 Re1+ 51. Kf2 Rd1 52. Nxc4 bxc4 53. Rxc4 Rd2+ 54. Kf3 Rxb2 55. Rc5+ Kf6 56. Rc6+ Kg5 57. Rxa6 h3 58. gxh3 Rxh2 59. Ra5+ Kf6 60. Kg3 Rc2 61. Ra3 Rc1 62. Rb3 Kg5 63. Rb5+ Kg6 64. Rb3 Kg5 65. a4 Ra1 66. Rb4 Ra3 67. Rc4 Kg6 68. Kg4 Ra1 69. Rc6+ Kg7 70. Rc4 Kg6 71. Rb4 Rg1+ 72. Kf3 Kg5 73. h4+ Kh5 74. a5 Ra1 75. Rb5+ Kxh4 76. Ke4 1-0

[Event "COL-ch sf3 U12"]
[Site "Zipaquira"]
[Date "2017.03.31"]
[Round "2.10"]
[White "Vanegas, Mateo de Jesus"]
[Black "Rodriguez, Arnold Stiven"]
[Result "1-0"]
[WhiteElo "1414"]
[BlackElo "1464"]
[PlyCount "83"]
[EventDate "2017.03.30"]
[EventType "swiss"]
[EventRounds "6"]
[EventCountry "COL"]
[SourceTitle "EXT 2024"]
[Source "ChessBase"]
[SourceDate "2023.10.10"]
[SourceVersion "1"]
[SourceVersionDate "2023.10.10"]
[SourceQuality "1"]

1. e4 e6 2. d4 d5 3. Nc3 Bb4 4. e5 c5 5. a3 Bxc3+ 6. bxc3 cxd4 7. cxd4 Nc6 8. Qg4 Nge7 9. Nf3 Ng6 10. Bd3 Bd7 11. 0-0 0-0 12. Qh3 h6 13. Qg4 Qe8 14. a4 Nce7 15. Nh4 f5 16. Qg3 Nxh4 17. Qxh4 Ng6 18. Qg3 Qf7 19. h4 h5 20. Qg5 Nh8 21. Be2 Be8 22. Ba3 Qg6 23. Qxg6 Bxg6 24. Bxf8 Rxf8 25. Rab1 b6 26. Rbd1 Rc8 27. Rc1 Be8 28. Bb5 Bf7 29. c4 dxc4 30. Rxc4 Rd8 31. Rd1 Ng6 32. g3 Nxe5 33. Rc3 Ng4 34. Rcd3 Nf6 35. Rc1 Bg6 36. Rdd1 Kf8 37. Rc7 a5 38. Rc6 Rb8 39. Rxe6 Kf7 40. Rc6 Nd5 41. Bc4 Rd8 42. Rxb6 1-0

[Event "Bogota Region-ch Amateur U2300"]
[Site "Bogota"]
[Date "2017.02.18"]
[Round "3.14"]
[White "Vanegas, Mateo de Jesus"]
[Black "Bejarano, Danny Andres"]
[Result "0-1"]
[WhiteElo "1446"]
[BlackElo "2042"]
[PlyCount "44"]
[EventDate "2017.02.17"]
[EventType "swiss"]
[EventRounds "6"]
[EventCountry "COL"]
[SourceTitle "EXT 2024"]
[Source "ChessBase"]
[SourceDate "2023.10.10"]
[SourceVersion "1"]
[SourceVersionDate "2023.10.10"]
[SourceQuality "1"]

1. e4 e6 2. d4 d5 3. Nc3 Bb4 4. e5 c5 5. a3 Bxc3+ 6. bxc3 Ne7 7. Qg4 Qc7 8. Ne2 Nbc6 9. Bd2 Ng6 10. f4 Bd7 11. Qf3 f6 12. f5 exf5 13. exf6 Be6 14. fxg7 Qxg7 15. Qe3 Qf6 16. g3 0-0 17. Bh3 Rae8 18. 0-0 f4 19. Nxf4 Bxh3 20. Nxh3 Rxe3 21. Rxf6 Re2 22. Rxf8+ Nxf8 0-1

[Event "COL pre olympic sf"]
[Site "Bogota"]
[Date "2016.05.26"]
[Round "2"]
[White "Vanegas, Mateo de Jesus"]
[Black "Corredor Castellanos, Camilo"]
[Result "0-1"]
[WhiteElo "1595"]
[BlackElo "1965"]
[PlyCount "78"]
[EventDate "2016.05.25"]
[EventType "swiss"]
[EventRounds "9"]
[EventCountry "COL"]
[SourceTitle "CBM 172 Extra"]
[Source "ChessBase"]
[SourceDate "2016.06.21"]
[SourceVersion "1"]
[SourceVersionDate "2016.06.21"]
[SourceQuality "1"]

1. e4 c5 2. Nf3 e6 3. d4 cxd4 4. Nxd4 Nc6 5. Nc3 Qc7 6. Ndb5 Qb8 7. Be2 a6 8. Nd4 Nf6 9. 0-0 Qc7 10. Be3 d6 11. f4 Be7 12. Bf3 0-0 13. Qd2 Rb8 14. Nb3 b5 15. Rad1 b4 16. Ne2 e5 17. fxe5 Nxe5 18. Ng3 Nc4 19. Qd4 Nxe3 20. Qxe3 Rd8 21. Qc1 Qb6+ 22. Kh1 g6 23. Rd3 a5 24. Qd2 Ba6 25. Be2 Bxd3 26. Bxd3 a4 27. Nc1 Ng4 28. Qf4 Ne5 29. Bc4 Rf8 30. Bd5 Rbc8 31. Rf2 Bg5 32. Qxg5 Qxf2 33. Nce2 Rxc2 34. h3 Rxe2 35. Nxe2 Qxe2 36. Qf6 Rc8 37. Qxd6 Qf1+ 38. Kh2 Qf4+ 39. Kh1 Rc1# 0-1

[Event "Bogota Distrital-ch 78th"]
[Site "Bogota"]
[Date "2016.04.09"]
[Round "3"]
[White "Reyes Aristizabal, Andres"]
[Black "Vanegas, Mateo de Jesus"]
[Result "0-1"]
[WhiteElo "1645"]
[BlackElo "1576"]
[PlyCount "66"]
[EventDate "2016.04.08"]
[EventType "swiss"]
[EventRounds "6"]
[EventCountry "COL"]
[SourceTitle "CBM 172 Extra"]
[Source "ChessBase"]
[SourceDate "2016.06.21"]
[SourceVersion "1"]
[SourceVersionDate "2016.06.21"]
[SourceQuality "1"]

1. d4 Nf6 2. e3 d5 3. Bd3 c5 4. c3 e6 5. Nd2 c4 6. Bc2 Be7 7. f4 0-0 8. Ngf3 Nc6 9. 0-0 Bd6 10. Ne5 Bc7 11. g4 Nxe5 12. fxe5 Nd7 13. e4 f6 14. exd5 exd5 15. Bf5 fxe5 16. Be6+ Kh8 17. Bxd5 Nb6 18. Rxf8+ Qxf8 19. Bxc4 exd4 20. cxd4 Qd6 21. Qe2 Qxd4+ 22. Qf2 Qxg4+ 23. Kf1 Qd1+ 24. Kg2 Qg4+ 25. Kf1 Qf5 26. Qxf5 Bxf5 27. Kg2 Re8 28. Bf1 Nd5 29. Nf3 Be4 30. h3 Re6 31. Kf2 Bb6+ 32. Ke2 Nb4 33. Bd2 Bd5+ 0-1

[Event "COL-ch School U11"]
[Site "Bogota"]
[Date "2015.11.19"]
[Round "1.7"]
[White "Vanegas, Mateo de Jesus"]
[Black "Velasquez, Joan Sebastian"]
[Result "1-0"]
[WhiteElo "1554"]
[BlackElo "1366"]
[PlyCount "79"]
[EventDate "2015.11.19"]
[EventType "swiss"]
[EventRounds "6"]
[EventCountry "COL"]
[SourceTitle "EXT 2024"]
[Source "ChessBase"]
[SourceDate "2023.10.10"]
[SourceVersion "1"]
[SourceVersionDate "2023.10.10"]
[SourceQuality "1"]

1. e4 c5 2. Nf3 d6 3. d4 cxd4 4. Nxd4 Nf6 5. Nc3 g6 6. Bc4 Bg7 7. 0-0 0-0 8. Be3 Qc7 9. Bb3 Ng4 10. Bf4 e5 11. Ndb5 Qe7 12. Bg5 Qxg5 13. Nc7 Qh4 14. h3 Nf6 15. Nxa8 Qg5 16. Qf3 Nc6 17. Ne2 b6 18. Nc7 Rd8 19. Nd5 Ba6 20. Rfd1 Bxe2 21. Qxe2 Nxd5 22. Bxd5 Nd4 23. Qd3 Qh5 24. Re1 Rc8 25. Rac1 Bh6 26. Qa6 Rf8 27. Rb1 Nxc2 28. Red1 Qg5 29. Bxf7+ Rxf7 30. Qc8+ Rf8 31. Qxc2 Qf4 32. Rxd6 Bg5 33. Rd3 Qxe4 34. Rbd1 a5 35. Qb3+ Kh8 36. Qxb6 Qe2 37. Qc5 Kg8 38. Qb6 Bh4 39. R3d2 Qe4 40. Qxa5 1-0

[Event "COL-chT Cup"]
[Site "Bogota"]
[Date "2015.06.08"]
[Round "6.3"]
[White "Vanegas, Mateo de Jesus"]
[Black "Ortegon Villacorte, Linda Daniela"]
[Result "0-1"]
[WhiteElo "1560"]
[BlackElo "1836"]
[PlyCount "43"]
[EventDate "2015.06.06"]
[EventType "team-swiss"]
[EventRounds "6"]
[EventCountry "COL"]
[SourceTitle "CBM 166 Extra"]
[Source "ChessBase"]
[SourceDate "2015.06.18"]
[SourceVersion "1"]
[SourceVersionDate "2015.06.18"]
[SourceQuality "1"]
[WhiteTeam "Bogota Kallipa"]
[BlackTeam "Marca (Women)"]
[WhiteTeamCountry "COL"]
[BlackTeamCountry "COL"]

1. e4 e6 2. d4 d5 3. e5 c5 4. c3 Nc6 5. Nf3 Bd7 6. Bd3 Rc8 7. Bc2 cxd4 8. cxd4 Nb4 9. Nc3 Nxc2+ 10. Qxc2 Ne7 11. Bg5 Qb6 12. 0-0 h6 13. Bh4 Nf5 14. Rfd1 Bb4 15. Rab1 0-0 16. a3 Bxc3 17. bxc3 Qa5 18. Rdc1 Rc7 19. Ra1 Rfc8 20. Qb2 Rxc3 21. Rxc3 Qxc3 22. Rb1 0-1

[Event "Tercer Piso op"]
[Site "Tercer Piso"]
[Date "2015.03.21"]
[Round "2"]
[White "Rozo, Claudia Magally"]
[Black "Vanegas, Mateo de Jesus"]
[Result "1-0"]
[WhiteElo "1857"]
[BlackElo "1522"]
[PlyCount "31"]
[EventDate "2015.03.21"]
[EventType "swiss"]
[EventRounds "7"]
[EventCountry "COL"]
[SourceTitle "CBM 165 Extra"]
[Source "ChessBase"]
[SourceDate "2015.04.21"]
[SourceVersion "1"]
[SourceVersionDate "2015.04.21"]
[SourceQuality "1"]

1. d4 d5 2. Nf3 e6 3. Bg5 Be7 4. Bf4 c6 5. Nbd2 Nd7 6. e3 Ngf6 7. Bd3 Qb6 8. Rb1 0-0 9. Ne5 c5 10. c3 c4 11. Bc2 Bd6 12. Qe2 Nxe5 13. dxe5 g5 14. exf6 gxf4 15. Qg4+ Kh8 16. Qg7# 1-0

[Event "Bogota U10"]
[Site "Bogota"]
[Date "2014.05.18"]
[Round "5.2"]
[White "Cotes Ontibon, Anibal Santiago"]
[Black "Vanegas, Mateo de Jesus"]
[Result "0-1"]
[WhiteElo "1880"]
[BlackElo "1470"]
[PlyCount "114"]
[EventDate "2014.05.16"]
[EventType "swiss"]
[EventRounds "5"]
[EventCountry "COL"]
[SourceTitle "EXT 2024"]
[Source "ChessBase"]
[SourceDate "2023.10.10"]
[SourceVersion "1"]
[SourceVersionDate "2023.10.10"]
[SourceQuality "1"]

1. e4 c5 2. Nc3 e6 3. Nf3 d5 4. Bb5+ Bd7 5. Bxd7+ Nxd7 6. exd5 exd5 7. Nxd5 Ne5 8. Nc3 Nxf3+ 9. Qxf3 Qe7+ 10. Kd1 Qc7 11. Re1+ Be7 12. Nd5 Qc6 13. Qe4 Qd6 14. Nxe7 Nxe7 15. Qxb7 0-0 16. Qxe7 Qxe7 17. Rxe7 f5 18. d3 Rfb8 19. Bf4 Rxb2 20. Kc1 Rb4 21. Bd2 Rg4 22. f3 Rxg2 23. Re5 Rxh2 24. Rxc5 Rh1+ 25. Kb2 Rb8+ 26. Kc3 Rxa1 27. Bf4 Rf8 28. Bd6 Rf6 29. Rc8+ Kf7 30. Rc7+ Kg6 31. Kb2 Rf1 32. Be5 Rb6+ 33. Kc3 Rxf3 34. Rxg7+ Kh6 35. Rxa7 Rc6+ 36. Kb3 Rf2 37. d4 Rfxc2 38. d5 Rc8 39. Ra6+ Kg5 40. d6 Rd2 41. Bc3 Rd3 42. Kb2 Rcxc3 43. Ra7 Rc8 44. d7 Rd8 45. Kc2 R3xd7 46. Rxd7 Rxd7 47. a4 f4 48. a5 f3 49. a6 f2 50. a7 Rxa7 51. Kc3 f1Q 52. Kd4 Re7 53. Kc5 Qd1 54. Kc6 Re2 55. Kb5 Rc2 56. Ka4 Rb2+ 57. Ka3 Qa1# 0-1